Problemy integracji gospodarczej w branzy

Enregistré dans:
Détails bibliographiques
Format: Livre
Langue:polonais
Publié: Lódz Uniwersytet 1982
Édition:1. wyd.
Collection:Acta Universitatis Lodziensis 18
Tags: Ajouter un tag
Pas de tags, Soyez le premier à ajouter un tag!

MARC

LEADER 00000nam a2200000 4500
001 c025683
005 20221220095926.6
041 0 |a pol 
044 |a PL 
245 1 0 |a Problemy integracji gospodarczej w branzy 
250 |a 1. wyd. 
264 1 |a Lódz  |b Uniwersytet  |c 1982 
300 |a 108 s. 
490 1 |a Acta Universitatis Lodziensis  |v 18 
830 0 |a Acta Universitatis Lodziensis  |v 18